[Event "Bratislava Slovan op"]
[Site "Bratislava"]
[Date "2003.??.??"]
[Round "?"]
[White "Frindt, Kornel"]
[Black "Mynar, Martin"]
[Result "1-0"]
[WhiteElo "2195"]
[BlackElo "2100"]
[PlyCount "95"]
[EventDate "2003.04.??"]
[EventType "swiss"]
[EventRounds "9"]
[EventCountry "SVK"]
[SourceTitle "EXT 2005"]
[Source "ChessBase"]
[SourceDate "2004.11.15"]
[SourceVersion "1"]
[SourceVersionDate "2004.11.15"]
[SourceQuality "1"]

1. d4 d5 2. Nf3 Nf6 3. Bf4 c6 4. e3 Bg4 5. c3 Nbd7 6. h3 Bh5 7. Nbd2 e6 8. Be2 Be7 9. a4 0-0 10. a5 Bg6 11. 0-0 Nh5 12. Bh2 f5 13. Ne5 Nhf6 14. a6 Qc8 15. axb7 Qxb7 16. Nxg6 hxg6 17. b4 g5 18. g4 g6 19. Qc2 Rf7 20. Ra6 Rh7 21. Kg2 Kf7 22. Rfa1 Bd8 23. Bd3 Bc7 24. Bg3 Rh6 25. Nf3 fxg4 26. Nxg5+ Ke7 27. Qa4 gxh3+ 28. Nxh3 Bxg3 29. fxg3 Ng4 30. Nf4 Nxe3+ 31. Kf3 g5 32. Ng6+ Rxg6 33. Bxg6 Nc4 34. Rxa7 Rf8+ 35. Kg4 Qc8 36. Qa6 Qb8 37. Re1 Rf6 38. Ra8 Rf4+ 39. Kh3 g4+ 40. Kh4 Nd2 41. gxf4 Qxf4 42. Re8+ Kf6 43. R1xe6+ Kg7 44. R8e7+ Kg8 45. Qc8+ Nf8 46. Bf7+ Kg7 47. Bh5+ Kh8 48. Qxf8+ 1-0

[Event "Bratislava Slovan op"]
[Site "Bratislava"]
[Date "2003.??.??"]
[Round "?"]
[White "Rohacek, Miroslav"]
[Black "Mynar, Martin"]
[Result "1-0"]
[WhiteElo "2115"]
[BlackElo "2100"]
[PlyCount "95"]
[EventDate "2003.04.??"]
[EventType "swiss"]
[EventRounds "9"]
[EventCountry "SVK"]
[SourceTitle "EXT 2005"]
[Source "ChessBase"]
[SourceDate "2004.11.15"]
[SourceVersion "1"]
[SourceVersionDate "2004.11.15"]
[SourceQuality "1"]

1. Nf3 d5 2. c4 c6 3. b3 Nf6 4. Bb2 dxc4 5. bxc4 Na6 6. g3 Bf5 7. d3 e6 8. Bg2 Be7 9. 0-0 0-0 10. Nbd2 h6 11. Re1 Nc5 12. Nb3 Nfd7 13. Nxc5 Nxc5 14. d4 Ne4 15. Qb3 a5 16. Ba3 Bxa3 17. Qxa3 b5 18. cxb5 cxb5 19. Qb2 Rb8 20. Ne5 Qe8 21. Rac1 b4 22. Nc6 Ra8 23. a3 Ra6 24. Ne5 f6 25. Nd3 bxa3 26. Qxa3 Ng5 27. h4 Nf7 28. e4 Bh7 29. Nc5 Ra7 30. Qb3 e5 31. dxe5 Qxe5 32. Rcd1 Qb8 33. Qa2 Re8 34. Rd5 Kh8 35. Rb1 Qc8 36. Qa4 Ne5 37. Nb7 Qa8 38. Rxa5 Rxa5 39. Qxa5 Qb8 40. Qb5 Rc8 41. Qb6 Nc4 42. Qd4 Na5 43. Qd5 Nc4 44. Bh3 Rc7 45. Be6 Ne5 46. Rd1 Nc6 47. Nc5 Ne7 48. Na6 1-0

[Event "SVK-chT2W 0102"]
[Site "Slovakia"]
[Date "2002.02.16"]
[Round "8.2"]
[White "Skreno, Vladimir"]
[Black "Mynar, Martin"]
[Result "1-0"]
[WhiteElo "2047"]
[BlackElo "2122"]
[PlyCount "120"]
[EventDate "2001.10.??"]
[EventType "team"]
[EventRounds "11"]
[EventCountry "SVK"]
[SourceTitle "EXT 2006"]
[Source "ChessBase"]
[SourceDate "2005.11.24"]
[SourceVersion "1"]
[SourceVersionDate "2005.11.24"]
[SourceQuality "1"]

1. d4 d5 2. Nf3 e6 3. c4 Nf6 4. Nc3 c6 5. cxd5 exd5 6. Bg5 Be7 7. Bxf6 Bxf6 8. e3 Nd7 9. Be2 0-0 10. 0-0 Re8 11. b4 Nf8 12. Qb3 Be6 13. Ne1 Ng6 14. Nd3 b6 15. Rfc1 Qd7 16. Qd1 Rac8 17. g3 Bf5 18. Bf3 Qd6 19. b5 Qa3 20. bxc6 Be4 21. Rab1 Bxf3 22. Qxf3 Rxc6 23. Rb3 Qa5 24. Nb4 Rc4 25. Rcb1 Rec8 26. Ncxd5 Bd8 27. Qe4 Qa4 28. Nd3 Nf8 29. a3 Ne6 30. h4 h6 31. Qf5 Qa6 32. Qf3 Nf8 33. Kg2 f6 34. N5b4 Qa4 35. Nf4 Be7 36. Nfd5 Bd8 37. Nd3 Qe8 38. N5f4 Be7 39. Qd5+ Kh8 40. Qf3 Bd6 41. Qg4 Qe7 42. Nb4 Qe4+ 43. Qf3 Qf5 44. Qd5 Qd7 45. Qe4 Qf7 46. Nbd5 f5 47. Qf3 Ra4 48. Nb4 Qd7 49. h5 Ra5 50. Nbd3 Rc2 51. R1b2 Rxb2 52. Nxb2 Bxf4 53. gxf4 Qe6 54. Rc3 Rd5 55. Nd3 Kh7 56. Ne5 Nd7 57. Ng6 Qg8 58. Ne7 Qe6 59. Qxd5 Qxe7 60. Qxf5+ Kg8 1-0

[Event "SVK-chT1W 0102"]
[Site "Slovakia"]
[Date "2002.??.??"]
[Round "6"]
[White "Pacher, Milan"]
[Black "Mynar, Martin"]
[Result "1-0"]
[WhiteElo "2029"]
[BlackElo "2113"]
[PlyCount "85"]
[EventDate "2001.10.??"]
[EventType "team"]
[EventRounds "11"]
[EventCountry "SVK"]
[SourceTitle "EXT 2007"]
[Source "ChessBase"]
[SourceDate "2006.11.23"]
[SourceVersion "1"]
[SourceVersionDate "2006.11.23"]
[SourceQuality "1"]

1. d4 Nf6 2. c4 g6 3. Nc3 Bg7 4. e4 d6 5. Nf3 0-0 6. Be2 c6 7. 0-0 a6 8. e5 Ne8 9. exd6 Nxd6 10. Be3 Nf5 11. Qd2 Nd7 12. d5 Nxe3 13. Qxe3 Nf6 14. dxc6 bxc6 15. Ne5 Bb7 16. Bf3 Qc7 17. Qc5 Rac8 18. Rad1 Ne4 19. Bxe4 Bxe5 20. g3 Rfd8 21. Rxd8+ Rxd8 22. Rd1 Rxd1+ 23. Nxd1 Qd6 24. Qxd6 exd6 25. b4 f5 26. Bf3 Kf7 27. Ne3 Ke6 28. b5 Kd7 29. Kf1 Kc7 30. bxc6 Bxc6 31. Bxc6 Kxc6 32. Ke2 Kc5 33. Kd3 Kb4 34. f4 Bb2 35. Nd5+ Ka3 36. Nc7 a5 37. Nb5+ Kxa2 38. Nxd6 Kb3 39. c5 a4 40. c6 a3 41. c7 a2 42. c8Q a1Q 43. Qc4+ 1-0

[Event "SVK-chT1W 0102"]
[Site "Slovakia"]
[Date "2002.??.??"]
[Round "8"]
[White "Syrovy, Ivan"]
[Black "Mynar, Martin"]
[Result "0-1"]
[WhiteElo "2190"]
[BlackElo "2115"]
[PlyCount "28"]
[EventDate "2001.10.??"]
[EventType "team"]
[EventRounds "11"]
[EventCountry "SVK"]
[SourceTitle "EXT 2007"]
[Source "ChessBase"]
[SourceDate "2006.11.23"]
[SourceVersion "1"]
[SourceVersionDate "2006.11.23"]
[SourceQuality "1"]

1. e4 e5 2. Nf3 Nc6 3. Bb5 Bc5 4. c3 Nge7 5. d4 exd4 6. cxd4 Bb4+ 7. Nc3 d5 8. exd5 Qxd5 9. Qe2 0-0 10. 0-0 Bxc3 11. bxc3 Bg4 12. Bd3 Rfe8 13. Bxh7+ Kxh7 14. Ng5+ Qxg5 0-1

[Event "SVK-chT1W 0102"]
[Site "Slovakia"]
[Date "2002.??.??"]
[Round "7"]
[White "Zamecnik, Frantisek"]
[Black "Mynar, Martin"]
[Result "1-0"]
[WhiteElo "2145"]
[BlackElo "2115"]
[PlyCount "79"]
[EventDate "2001.10.??"]
[EventType "team"]
[EventRounds "11"]
[EventCountry "SVK"]
[SourceTitle "EXT 2007"]
[Source "ChessBase"]
[SourceDate "2006.11.23"]
[SourceVersion "1"]
[SourceVersionDate "2006.11.23"]
[SourceQuality "1"]

1. d4 Nf6 2. c4 e6 3. Nf3 b6 4. a3 Bb7 5. Nc3 Be7 6. d5 exd5 7. cxd5 Ba6 8. g3 0-0 9. Bg2 d6 10. 0-0 Nbd7 11. Qc2 Re8 12. Nd4 Bf8 13. Re1 Bb7 14. b4 Ne5 15. Bg5 h6 16. Bxf6 Qxf6 17. Rac1 Ng4 18. e3 a6 19. Re2 Re7 20. Qd1 Rae8 21. Rec2 h5 22. h3 Ne5 23. Qxh5 g6 24. Qd1 Bh6 25. Ne4 Qg7 26. Rxc7 Bxd5 27. Nxd6 Bxg2 28. Nxe8 Rxe8 29. Kxg2 Qf6 30. f4 Qd6 31. fxe5 Rxe5 32. Nf3 Rd5 33. Qe2 Rd3 34. R7c3 Rd5 35. Rc6 Qd7 36. Rc8+ Kh7 37. R8c3 Rf5 38. Rd3 Qe6 39. Rcd1 Rh5 40. g4 1-0

[Event "SVK-chT2W 0102"]
[Site "Slovakia"]
[Date "2001.10.20"]
[Round "1.2"]
[White "Mynar, Martin"]
[Black "Kovacocy, Pavol"]
[Result "1-0"]
[WhiteElo "2118"]
[BlackElo "2224"]
[PlyCount "103"]
[EventDate "2001.10.??"]
[EventType "team"]
[EventRounds "11"]
[EventCountry "SVK"]
[SourceTitle "EXT 2006"]
[Source "ChessBase"]
[SourceDate "2005.11.24"]
[SourceVersion "1"]
[SourceVersionDate "2005.11.24"]
[SourceQuality "1"]

1. e4 c5 2. Nc3 Nc6 3. f4 g6 4. Nf3 Bg7 5. d3 d6 6. Be2 Rb8 7. 0-0 b5 8. Qe1 b4 9. Nd1 e6 10. c4 Nge7 11. Ne3 0-0 12. Qh4 Nd4 13. Nxd4 Bxd4 14. Kh1 f5 15. Qg3 Qe8 16. Nc2 Bg7 17. e5 dxe5 18. fxe5 Qd7 19. Be3 Qc7 20. Bf4 b3 21. Ne1 Nc6 22. Nf3 bxa2 23. Rxa2 Rb3 24. Nd2 Rb6 25. Nf3 Nb4 26. Ra3 Nc2 27. Ra2 Rd8 28. h4 Nb4 29. Ra3 Nc6 30. Rb1 Qb8 31. Ra2 Nb4 32. Ra3 Bb7 33. Ne1 Nc6 34. Nf3 Ba8 35. h5 Rxb2 36. Re1 Ne7 37. Ng5 Qb6 38. Qh4 Rd7 39. hxg6 hxg6 40. Qh7+ Kf8 41. Bf3 Bxf3 42. Nxf3 Rxg2 43. Kxg2 Qb2+ 44. Kh1 Qxa3 45. Bh6 Ng8 46. Rb1 Nxh6 47. Rb8+ Rd8 48. Rxd8+ Ke7 49. Rb8 Qc1+ 50. Kg2 Qc2+ 51. Kh3 Kf7 52. Ng5+ 1-0

[Event "SVK-chT3B 0102"]
[Site "Slovakia"]
[Date "2001.??.??"]
[Round "5"]
[White "Mynar, Martin"]
[Black "Pokorna, Renata"]
[Result "1/2-1/2"]
[WhiteElo "2115"]
[BlackElo "2070"]
[PlyCount "100"]
[EventDate "2001.10.??"]
[EventType "team"]
[EventRounds "9"]
[EventCountry "SVK"]
[SourceTitle "EXT 2006"]
[Source "ChessBase"]
[SourceDate "2005.11.24"]
[SourceVersion "1"]
[SourceVersionDate "2005.11.24"]
[SourceQuality "1"]

1. e4 e5 2. f4 d5 3. Nf3 Nf6 4. fxe5 Nxe4 5. d3 Nc5 6. d4 Ne6 7. Nc3 c6 8. Be2 Be7 9. 0-0 0-0 10. Qe1 b6 11. Nd1 c5 12. c3 Nc6 13. Be3 Bd7 14. Nf2 f6 15. Rd1 cxd4 16. cxd4 fxe5 17. Nxe5 Nxe5 18. dxe5 d4 19. Bc1 Kh8 20. Bg4 Qc7 21. Nd3 Rxf1+ 22. Qxf1 Nc5 23. Bxd7 Qxd7 24. Nf4 Rd8 25. Qc4 d3 26. Be3 Qg4 27. Rd2 Qf5 28. e6 Bg5 29. Rf2 Ne4 30. Rf1 d2 31. Nd5 Bxe3+ 32. Nxe3 Qe5 33. Qd5 Qxd5 34. Nxd5 Kg8 35. e7 Re8 36. g3 d1Q 37. Rxd1 Nf6 38. Nxf6+ gxf6 39. Rd7 a5 40. Rb7 Kf7 41. Rxb6 Rxe7 42. Rb5 Re2 43. a4 Ke6 44. Rxa5 Rxb2 45. Rb5 Ra2 46. a5 Kf7 47. h4 Kg6 48. Kf1 h6 49. Rc5 f5 50. Rd5 Kh5 1/2-1/2

[Event "SVK-chT1W 0001"]
[Site "Slovakia"]
[Date "2000.??.??"]
[Round "2"]
[White "Mynar, Martin"]
[Black "Kukel, Imre"]
[Result "1-0"]
[WhiteElo "2106"]
[BlackElo "2014"]
[PlyCount "97"]
[EventDate "2000.??.??"]
[EventType "team"]
[EventRounds "11"]
[EventCountry "SVK"]
[SourceTitle "EXT 2002"]
[Source "ChessBase"]
[SourceDate "2001.11.25"]
[SourceVersion "1"]
[SourceVersionDate "2001.11.25"]
[SourceQuality "1"]

1. e4 d6 2. Nc3 g6 3. f4 Bg7 4. Nf3 c5 5. Bc4 Nc6 6. d3 a6 7. a4 Nd4 8. 0-0 Rb8 9. f5 Nxf3+ 10. Qxf3 Bd4+ 11. Kh1 f6 12. Ne2 Be5 13. c3 Qb6 14. a5 Qc7 15. Bxg8 Rxg8 16. d4 Bxh2 17. Kxh2 d5+ 18. Bf4 dxe4 19. Qxe4 Qd7 20. Bxb8 gxf5 21. Qh4 Qd5 22. Nf4 Qf7 23. Rad1 Rg4 24. Qe1 Qg7 25. dxc5 e5 26. Qd2 Bd7 27. Qxd7+ Qxd7 28. Rxd7 Kxd7 29. Nd5 Ke6 30. Nc7+ Kf7 31. Rxf5 Rc4 32. b4 Kg6 33. Rf3 Rh4+ 34. Kg1 e4 35. Re3 f5 36. Nd5 Rg4 37. c4 h5 38. b5 axb5 39. cxb5 h4 40. a6 bxa6 41. bxa6 Kf7 42. a7 f4 43. a8Q f3 44. Qb7+ Kg6 45. Qc6+ Kg5 46. Qf6+ Kh5 47. Nf4+ Rxf4 48. Bxf4 f2+ 49. Kxf2 1-0

[Event "SVK-chT 9900"]
[Site "Slovakia"]
[Date "1999.??.??"]
[Round "6"]
[White "Hacik, Radomir"]
[Black "Mynar, Martin"]
[Result "1/2-1/2"]
[WhiteElo "2240"]
[BlackElo "2105"]
[PlyCount "43"]
[EventDate "1999.??.??"]
[EventType "team"]
[EventRounds "11"]
[EventCountry "SVK"]
[SourceTitle "EXT 2001"]
[Source "ChessBase"]
[SourceDate "2000.11.22"]
[SourceVersion "1"]
[SourceVersionDate "2000.11.22"]
[SourceQuality "1"]

1. e4 e5 2. Nf3 Nc6 3. Nc3 d6 4. Bb5 a6 5. Bxc6+ bxc6 6. d4 exd4 7. Qxd4 Be6 8. 0-0 Nf6 9. Rd1 Be7 10. e5 c5 11. Qe3 Nd7 12. Ne4 d5 13. Neg5 0-0 14. Qf4 Qe8 15. Qg3 Rb8 16. c3 Rb6 17. a4 a5 18. Nh3 f6 19. exf6 Nxf6 20. Nfg5 Bd6 21. Bf4 Bxh3 22. Bxd6 1/2-1/2

[Event "SVK-chT 9900"]
[Site "Slovakia"]
[Date "1999.??.??"]
[Round "4"]
[White "Hudoba, Ondrej"]
[Black "Mynar, Martin"]
[Result "1-0"]
[WhiteElo "2245"]
[BlackElo "2105"]
[PlyCount "97"]
[EventDate "1999.??.??"]
[EventType "team"]
[EventRounds "11"]
[EventCountry "SVK"]
[SourceTitle "EXT 2001"]
[Source "ChessBase"]
[SourceDate "2000.11.22"]
[SourceVersion "1"]
[SourceVersionDate "2000.11.22"]
[SourceQuality "1"]

1. e4 b6 2. d4 Bb7 3. Nc3 e6 4. Nf3 Be7 5. Bd3 d6 6. Qe2 Nd7 7. Bf4 Ngf6 8. 0-0 0-0 9. h3 Ne8 10. Rad1 g6 11. e5 d5 12. Bh6 Ng7 13. Nb1 Re8 14. g4 f6 15. exf6 Bxf6 16. g5 Nf5 17. Bxf5 exf5 18. Qd3 Bg7 19. Bxg7 Kxg7 20. Rfe1 Re4 21. Qd2 Qf8 22. Nc3 Rxe1+ 23. Rxe1 Re8 24. Rxe8 Qxe8 25. Qf4 Qd8 26. h4 a6 27. Kh2 c5 28. Kg3 Qe7 29. Qc7 cxd4 30. Nxd4 Ba8 31. Nce2 h6 32. Nf4 hxg5 33. Nfe6+ Kf6 34. hxg5+ Kf7 35. b4 Nf8 36. Qxe7+ Kxe7 37. Nxf8 Kxf8 38. Kf4 Ke7 39. Ke5 Bb7 40. f4 a5 41. a3 axb4 42. axb4 Bc8 43. c3 Bb7 44. Nc2 Bc6 45. Ne3 b5 46. Nxd5+ Kd7 47. Ne3 Ke7 48. c4 bxc4 49. Nxc4 1-0

[Event "SVK-chT2A 9899"]
[Site "Slovakia"]
[Date "1998.12.06"]
[Round "6"]
[White "Mynar, Martin"]
[Black "Kubovic, Ladislav"]
[Result "0-1"]
[WhiteElo "2105"]
[BlackElo "2206"]
[PlyCount "124"]
[EventDate "1998.??.??"]
[EventType "team"]
[EventRounds "9"]
[EventCountry "SVK"]
[SourceTitle "EXT 2000"]
[Source "ChessBase"]
[SourceDate "1999.11.16"]
[SourceVersion "1"]
[SourceVersionDate "1999.11.16"]
[SourceQuality "1"]

1. e4 c5 2. Nc3 Nc6 3. f4 g6 4. Nf3 Bg7 5. Bc4 a6 6. a4 Rb8 7. 0-0 e6 8. f5 Nge7 9. fxg6 hxg6 10. Qe1 Nd4 11. Nxd4 Bxd4+ 12. Kh1 Qc7 13. g3 b6 14. d3 Bb7 15. Bf4 Be5 16. Kg1 Nc6 17. Ne2 Bxf4 18. Rxf4 Ne5 19. Qc3 Rh7 20. Re1 g5 21. Rf2 Ng4 22. Rg2 Ke7 23. Qd2 Rg8 24. Nc3 Qd6 25. Nd1 Qd4+ 26. Kh1 f5 27. c3 Qg7 28. Kg1 Ne5 29. Qe3 fxe4 30. Rf2 Nf3+ 31. Rxf3 exf3 32. Nf2 Qh6 33. h3 Qf6 34. a5 g4 35. axb6 Rh5 36. h4 Kf7 37. Kf1 Kg7 38. Ne4 Qe5 39. Kf2 Rxh4 40. Qxc5 Rh2+ 41. Ke3 Qxc5+ 42. Nxc5 Bc6 43. b4 Rb8 44. b7 d5 45. Bxa6 e5 46. b5 Be8 47. d4 e4 48. Ne6+ Kf7 49. Nf4 Rb2 50. Nxd5 Bxb5 51. Bxb5 Rxb5 52. Nb4 R5xb7 53. Rh1 Kg6 54. Nc6 Rb1 55. Rh4 Re1+ 56. Kd2 Re2+ 57. Kc1 Ra8 58. Rxg4+ Kf5 59. Rf4+ Ke6 60. Kb1 Rh8 61. Rh4 Rxh4 62. gxh4 f2 0-1

[Event "SVK-chT2A 9899"]
[Site "Slovakia"]
[Date "1998.12.05"]
[Round "5"]
[White "Mynar, Martin"]
[Black "Markos, Jan"]
[Result "1-0"]
[WhiteElo "2105"]
[BlackElo "2185"]
[PlyCount "65"]
[EventDate "1998.??.??"]
[EventType "team"]
[EventRounds "9"]
[EventCountry "SVK"]
[SourceTitle "EXT 2000"]
[Source "ChessBase"]
[SourceDate "1999.11.16"]
[SourceVersion "1"]
[SourceVersionDate "1999.11.16"]
[SourceQuality "1"]

1. e4 c5 2. Nc3 Nc6 3. f4 e6 4. Bc4 Nge7 5. d3 d5 6. Bb3 g6 7. Nf3 Bg7 8. 0-0 0-0 9. a4 Na5 10. Ba2 Bxc3 11. bxc3 dxe4 12. dxe4 Bd7 13. Qe1 c4 14. Qh4 f6 15. Be3 a6 16. Qh6 b5 17. Bd4 Nec6 18. Ng5 Qe7 19. Nf3 e5 20. fxe5 fxe5 21. Be3 Bg4 22. Ng5 Be2 23. Rfe1 Bg4 24. Rf1 Qg7 25. Qh4 Bd7 26. Bc5 Rf4 27. Rxf4 exf4 28. Qxf4 Nb7 29. axb5 Nca5 30. Bd4 Rf8 31. Qc7 Qe7 32. Bxc4+ Nxc4 33. Qxc4+ 1-0

[Event "SVK-chT2A 9899"]
[Site "Slovakia"]
[Date "1998.11.14"]
[Round "3"]
[White "Rachela, Milan"]
[Black "Mynar, Martin"]
[Result "1/2-1/2"]
[WhiteElo "2130"]
[BlackElo "2105"]
[PlyCount "75"]
[EventDate "1998.??.??"]
[EventType "team"]
[EventRounds "9"]
[EventCountry "SVK"]
[SourceTitle "EXT 2000"]
[Source "ChessBase"]
[SourceDate "1999.11.16"]
[SourceVersion "1"]
[SourceVersionDate "1999.11.16"]
[SourceQuality "1"]

1. d4 Nf6 2. c4 e6 3. Nc3 Bb4 4. e3 b6 5. Nge2 Bb7 6. a3 Be7 7. Ng3 d6 8. e4 Nbd7 9. Be2 0-0 10. 0-0 c5 11. d5 exd5 12. exd5 Re8 13. b3 Bf8 14. Bd3 Bc8 15. h3 a6 16. Ra2 Ne5 17. Bb1 Bd7 18. Bg5 h6 19. Bc1 Qc8 20. Nce4 Nxe4 21. Nxe4 Bf5 22. Re1 Ra7 23. Rae2 Bxe4 24. Rxe4 Rae7 25. Qh5 Ng6 26. Rxe7 Rxe7 27. Rxe7 Nxe7 28. Kf1 Qd7 29. Qf3 b5 30. Qe4 g6 31. g4 bxc4 32. bxc4 Bg7 33. h4 Kf8 34. Bc2 Ng8 35. f3 h5 36. Qe2 hxg4 37. fxg4 Nf6 38. Bd1 1/2-1/2

[Event "SVK-chT2A 9899"]
[Site "Slovakia"]
[Date "1998.10.18"]
[Round "2"]
[White "Mynar, Martin"]
[Black "Kovacocy, Pavol"]
[Result "1/2-1/2"]
[WhiteElo "2105"]
[BlackElo "2220"]
[PlyCount "133"]
[EventDate "1998.??.??"]
[EventType "team"]
[EventRounds "9"]
[EventCountry "SVK"]
[SourceTitle "EXT 2000"]
[Source "ChessBase"]
[SourceDate "1999.11.16"]
[SourceVersion "1"]
[SourceVersionDate "1999.11.16"]
[SourceQuality "1"]

1. e4 d6 2. Nc3 Nf6 3. f4 c6 4. Nf3 Bg4 5. Be2 Nbd7 6. h3 Bxf3 7. Bxf3 e5 8. 0-0 Be7 9. d3 h6 10. Qe1 Qa5 11. Kh1 exf4 12. Bxf4 g5 13. Bd2 Qe5 14. Qe3 g4 15. hxg4 h5 16. g5 Ng4 17. Qf4 Qc5 18. b4 Qd4 19. Ne2 Qb6 20. d4 0-0-0 21. Qxf7 Rde8 22. Qb3 Reg8 23. Qc3 Bxg5 24. Bxg5 Rxg5 25. Nf4 Kb8 26. a4 Rh6 27. a5 Qd8 28. Nh3 Rg8 29. Qe1 Qe7 30. a6 b6 31. Qc3 c5 32. bxc5 dxc5 33. Qd2 Qd6 34. e5 Ndxe5 35. Qf4 Nxf3 36. Qxd6+ Rxd6 37. dxc5 bxc5 38. Rxf3 Rgd8 39. g3 Kc7 40. Rf5 Rd5 41. Rf7+ R8d7 42. Rxd7+ Rxd7 43. Rb1 Kc6 44. Nf4 Rd2 45. Rb7 Rxc2 46. Rxa7 Kb6 47. Ra8 Ne5 48. Kg1 Ra2 49. Rb8+ Ka7 50. Rc8 c4 51. Rc5 Nf3+ 52. Kf1 Kxa6 53. Nxh5 Kb6 54. Rc8 Kb5 55. Nf4 Nd2+ 56. Ke1 Ne4 57. Nd5 Ra1+ 58. Ke2 Nxg3+ 59. Kd2 Ne4+ 60. Kc2 Ra2+ 61. Kb1 Rd2 62. Ne3 Nd6 63. Rc7 Kb4 64. Kc1 Rd3 65. Nd1 Nb5 66. Rxc4+ Kxc4 67. Nb2+ 1/2-1/2

[Event "SVK-chT1W 9798"]
[Site "Slovakia"]
[Date "1998.??.??"]
[Round "?"]
[White "Mynar, Martin"]
[Black "Sturc, Gustav"]
[Result "1/2-1/2"]
[WhiteElo "2175"]
[BlackElo "2205"]
[PlyCount "44"]
[EventDate "1997.??.??"]
[EventType "team"]
[EventRounds "11"]
[EventCountry "SVK"]
[SourceTitle "EXT 1999"]
[Source "ChessBase"]
[SourceDate "1998.11.16"]
[SourceVersion "1"]
[SourceVersionDate "1998.11.16"]
[SourceQuality "1"]

1. e4 e5 2. f4 exf4 3. Nf3 Nf6 4. e5 Nh5 5. Qe2 Be7 6. d4 0-0 7. Nfd2 g6 8. Nc3 d6 9. Nf3 Bg4 10. Bd2 Nc6 11. 0-0-0 Nxd4 12. Qe4 dxe5 13. Qxb7 Bd6 14. Bc4 Rb8 15. Qe4 Bf5 16. Qe1 Nxc2 17. Qg1 Na3 18. Bb3 Rxb3 19. axb3 Qb8 20. Qf2 Qxb3 21. Be1 Bc5 22. Qe2 Be3+ 1/2-1/2

[Event "Bratislava Doprastav op"]
[Site "Bratislava"]
[Date "1997.??.??"]
[Round "6"]
[White "Majzlan, Igor"]
[Black "Mynar, Martin"]
[Result "1/2-1/2"]
[WhiteElo "2235"]
[BlackElo "2060"]
[PlyCount "65"]
[EventDate "1997.??.??"]
[EventType "swiss"]
[EventRounds "9"]
[EventCountry "SVK"]
[SourceTitle "EXT 1999"]
[Source "ChessBase"]
[SourceDate "1998.11.16"]
[SourceVersion "1"]
[SourceVersionDate "1998.11.16"]
[SourceQuality "1"]

1. d4 d5 2. Nf3 Nf6 3. g3 e6 4. Bg2 Be7 5. 0-0 0-0 6. b3 b6 7. Bb2 Ba6 8. Ne5 Nfd7 9. Nd2 Nxe5 10. dxe5 Nd7 11. c4 c6 12. Re1 Rc8 13. a3 Qc7 14. cxd5 cxd5 15. Rc1 Qb8 16. Rxc8 Rxc8 17. f4 Qc7 18. b4 Qc2 19. Qc1 Qxc1 20. Rxc1 Rxc1+ 21. Bxc1 Bxe2 22. Kf2 Bb5 23. Nf3 a5 24. Nd4 Ba4 25. Bd2 Kf8 26. Ke3 axb4 27. axb4 Nb8 28. f5 Bg5+ 29. Kd3 Bxd2 30. Kxd2 Ke7 31. fxe6 fxe6 32. Bh3 Bd7 33. b5 1/2-1/2

[Event "SVK-chT1W 9798"]
[Site "Slovakia"]
[Date "1997.??.??"]
[Round "?"]
[White "Mynar, Martin"]
[Black "Bisco, Igor"]
[Result "1-0"]
[WhiteElo "2175"]
[BlackElo "2120"]
[PlyCount "73"]
[EventDate "1997.??.??"]
[EventType "team"]
[EventRounds "11"]
[EventCountry "SVK"]
[SourceTitle "EXT 1999"]
[Source "ChessBase"]
[SourceDate "1998.11.16"]
[SourceVersion "1"]
[SourceVersionDate "1998.11.16"]
[SourceQuality "1"]

1. e4 d6 2. Nc3 Nf6 3. f4 c6 4. Nf3 Bg4 5. h3 Bxf3 6. Qxf3 Nbd7 7. d3 e5 8. f5 Be7 9. Be2 0-0 10. g4 Ne8 11. 0-0 Bg5 12. Bxg5 Qxg5 13. Qg3 b5 14. h4 Qd8 15. Rf2 b4 16. Nd1 g6 17. Ne3 Ng7 18. g5 Qb6 19. Kh1 Kh8 20. Raf1 Qc5 21. Bg4 Nh5 22. Bxh5 gxh5 23. Qf3 Rg8 24. Ng2 d5 25. Qxh5 dxe4 26. dxe4 Rg7 27. Qf3 Qc4 28. b3 Qa6 29. Rd1 Nc5 30. Qe3 Qb6 31. Rfd2 Rag8 32. Rd6 Qb5 33. Qf3 Nb7 34. Rd7 Nc5 35. f6 Rg6 36. Rxf7 Qb6 37. Rxh7+ 1-0

[Event "SVK-chT2A 9798"]
[Site "Slovakia"]
[Date "1997.??.??"]
[Round "?"]
[White "Petreje, Juraj"]
[Black "Mynar, Martin"]
[Result "1/2-1/2"]
[WhiteElo "2130"]
[BlackElo "2175"]
[PlyCount "76"]
[EventDate "1997.??.??"]
[EventType "team"]
[EventRounds "11"]
[EventCountry "SVK"]
[SourceTitle "EXT 2001"]
[Source "ChessBase"]
[SourceDate "2000.11.22"]
[SourceVersion "1"]
[SourceVersionDate "2000.11.22"]
[SourceQuality "1"]

1. Nf3 Nf6 2. g3 d5 3. Bg2 c6 4. 0-0 Bf5 5. d3 e6 6. Nbd2 Be7 7. b3 0-0 8. Bb2 Nbd7 9. c4 Rc8 10. a3 Re8 11. b4 Bf8 12. Rc1 h6 13. Qb3 Qe7 14. Rfe1 e5 15. Qa4 a6 16. cxd5 cxd5 17. e4 dxe4 18. dxe4 Bh7 19. Qa5 Rxc1 20. Rxc1 Nxe4 21. Nc4 Rc8 22. Nfxe5 b5 23. Qxa6 Nxe5 24. Qxc8 Nxc4 25. Bd4 Ned6 26. Qb8 Bf5 27. Bc5 Qe6 28. a4 bxa4 29. b5 Nc8 30. Bxf8 Kxf8 31. Qc7 N8b6 32. Bf1 Qd6 33. Rxc4 Nxc4 34. Qxc4 a3 35. Qa4 Be6 36. b6 a2 37. b7 Qb6 38. Qa8+ Ke7 1/2-1/2

[Event "SVK-chT2A 9798"]
[Site "Slovakia"]
[Date "1997.??.??"]
[Round "?"]
[White "Veres, Robert"]
[Black "Mynar, Martin"]
[Result "1-0"]
[WhiteElo "2240"]
[BlackElo "2175"]
[PlyCount "77"]
[EventDate "1997.??.??"]
[EventType "team"]
[EventRounds "11"]
[EventCountry "SVK"]
[SourceTitle "EXT 2001"]
[Source "ChessBase"]
[SourceDate "2000.11.22"]
[SourceVersion "1"]
[SourceVersionDate "2000.11.22"]
[SourceQuality "1"]

1. e4 e5 2. Nf3 Nc6 3. Bc4 Nf6 4. d3 Be7 5. 0-0 0-0 6. c3 d6 7. Nbd2 Qe8 8. Bb3 Bg4 9. Re1 Kh8 10. Nf1 Rd8 11. h3 Bc8 12. Ng3 Ng8 13. Bc2 Bf6 14. d4 g6 15. dxe5 dxe5 16. Qe2 Qe7 17. a4 Rfe8 18. Nf1 Qf8 19. b4 a6 20. Ne3 Nge7 21. b5 Nb8 22. Ba3 Qg7 23. Rad1 axb5 24. axb5 Be6 25. c4 c6 26. Ng4 Bxg4 27. hxg4 Ng8 28. Rxd8 Bxd8 29. Bd6 Nd7 30. bxc6 bxc6 31. Ba4 Qf6 32. Rd1 Ne7 33. Qb2 Nc8 34. c5 Re6 35. g5 Qf4 36. Nxe5 Nxe5 37. Bxe5+ Rxe5 38. Rxd8+ Kg7 39. Re8 1-0